Sports Quiz

Random Sports or NHL Quiz

'C' Big 4 on a Map Quiz Stats

 Plays Quiz Updated Oct 20, 2021

Support Sporcle.
Go Orange.
Score 0/14 Timer 03:00
6 Plays Today
% Correct
Cardinals
89.6%
Cubs
89.2%
Chargers
88.1%
Colts
85.7%
Cavaliers
85.2%
Cowboys
84.9%
Clippers
83.9%
% Correct
Chiefs
83.9%
Celtics
83.9%
Cardinals
80.1%
Coyotes
80%
Canucks
78.7%
Canadiens
77.6%
Capitals
71.8%

From the Vault

Two Word Hints for Two Letter Films

by DarkPhalanx

Movies 2.5m
These are feature length movies with super short titles.
Remove Ads.
Support Sporcle.
Get the best of Sporcle when you Go Orange. This ad-free experience offers more features, more stats, and more fun while also helping to support Sporcle. Thank you for becoming a member.

Show Comments

Extras

Top Quizzes Today


Score Distribution

Your Account Isn't Verified!

In order to create a playlist on Sporcle, you need to verify the email address you used during registration. Go to your Sporcle Settings to finish the process.

Report this User

Report this user for behavior that violates our Community Guidelines.

Details: